000 00515 a2200181 4500
003 OSt
005 20240205151417.0
008 240205b |||||||| |||| 00| 0 eng d
020 _a9789381788899
040 _cOCLC
082 _a232
_bJAI/M
100 _aJaims, Daniyal P
_910387
245 _aMahath vachanangal Yesukristhu /
_cDaniyal P. Jaims
250 _a1st ed.
260 _aKozhikode:
_bOlive Publications,
_c2012.
300 _a113p.
942 _2ddc
_cBK
_h232
_iJAI/M
_k232
_mJAI/M
999 _c44298
_d44298